00497nam a22001937a 450000500170000001000130001702000100003003500130004003700160005308200160006910000160008524500390010126000370014027000390017730000240021650000200024065000230026065000200028320170124110132.0 aA-997898 c00.00 aA-997898 bCen Lib/Ret a616.12bHEG aHegde, B.M. aThe heart manual /cby B.M. Hegde  aNew DelhibUBS publishers c2000 bNew Delhia5, Ansari road e110002 axiv,157p.c21cm(Hb) aIncludes index  aFunctions of heart aHeart weakness